000 00292nam a22001337a 4500
008 180312b xxu||||| |||| 00| 0 eng d
020 _a0073378220
041 _aeng
080 _a611
100 _a6
101 _aANA
245 _aHUMAN ANATOMY PHYSIOLOGY
_cMARTIN.R
942 _2udc
_cBK
999 _c44799
_d44799